Short-term forecasting / (Record no. 51603)
[ view plain ]
| 000 -LEADER | |
|---|---|
| fixed length control field | 01020nam a2200289 4500 |
| 001 - CONTROL NUMBER | |
| control field | 51603 |
| 003 - CONTROL NUMBER IDENTIFIER | |
| rucl marc code | BD-RjUL |
| 005 - DATE AND TIME OF LATEST TRANSACTION | |
| control field | 20211209075703.0 |
| 008 - FIXED-LENGTH DATA ELEMENTS--GENERAL INFORMATION | |
| fixed length control field | 160831r19671964stka b 000 0 eng d |
| 035 ## - SYSTEM CONTROL NUMBER | |
| System control number | (BD-RjUL)51723 |
| 040 ## - CATALOGING SOURCE | |
| Original cataloging agency | VVB |
| Transcribing agency | VVB |
| Modifying agency | EUX |
| -- | BD-RjUL |
| Language of cataloging | eng |
| 041 ## - LANGUAGE CODE | |
| Language code of text/sound track or separate title | eng |
| 082 ## - DEWEY DECIMAL CLASSIFICATION NUMBER | |
| Edition number | 23 |
| Classification number | 658.401 |
| Author mark and year | COS 1967 |
| 100 0# - MAIN ENTRY--PERSONAL NAME | |
| Personal name | Coutie, G. A. |
| 9 (RLIN) | 154248 |
| 245 10 - TITLE STATEMENT | |
| Title | Short-term forecasting / |
| Statement of responsibility, etc. | G.A. Coutie ... [et al.] |
| 250 ## - EDITION STATEMENT | |
| Edition statement | 1st ed. |
| 260 ## - PUBLICATION, DISTRIBUTION, ETC. (IMPRINT) | |
| Place of publication, distribution, etc. | Edinburgh : |
| Name of publisher, distributor, etc. | Oliver & Boyd, |
| Date of publication, distribution, etc. | c 1964 [Reprinted 1967] |
| 300 ## - PHYSICAL DESCRIPTION | |
| Pagination | viii, 36 p : |
| Illustrations | ill ; |
| Size | 26 cm |
| 490 1# - SERIES STATEMENT | |
| Series statement | Mathematical and statistical techniques for industry. Monograph ; |
| Volume/sequential designation | no. 2 |
| 504 ## - BIBLIOGRAPHY, ETC. NOTE | |
| Bibliography, etc | Includes bibliographical references |
| 650 #0 - SUBJECT ADDED ENTRY--TOPICAL TERM | |
| Topical term or geographic name as entry element | Business forecasting |
| 9 (RLIN) | 134616 |
| Topical term or geographic name as entry element | Production control |
| 9 (RLIN) | 154249 |
| Topical term or geographic name as entry element | Time-series analysis |
| 9 (RLIN) | 131067 |
| 710 2# - ADDED ENTRY--CORPORATE NAME | |
| Corporate name or jurisdiction name as entry element | Imperial Chemical Industries, plc. |
| Subordinate unit | Statistical Methods Panel. |
| 9 (RLIN) | 154250 |
| 830 #0 - SERIES ADDED ENTRY--UNIFORM TITLE | |
| Uniform title | Mathematical and statistical techniques for industry. |
| Volume number/sequential designation | no. 2 |
| 942 ## - ADDED ENTRY ELEMENTS (KOHA) | |
| Source of classification or shelving scheme | Dewey Decimal Classification |
| Koha item type | Books |
| Lost status | Source of classification or shelving scheme | Damaged status | Not for loan | Collection code | Permanent Location | Current Location | Shelving location | Date acquired | Source of acquisition | Cost, normal purchase price | Total Checkouts | Full call number | Date last seen | Copy number | Koha item type |
|---|---|---|---|---|---|---|---|---|---|---|---|---|---|---|---|
| Dewey Decimal Classification | Non-fiction | Central Library, University of Rajshahi | Central Library, University of Rajshahi | 24/06/1973 | Mitali prokasoni | 30.00 | 658.401 COS 1967 | 31/08/2016 | C-2 | Books | |||||
| Dewey Decimal Classification | Non-fiction | Central Library, University of Rajshahi | Central Library, University of Rajshahi | 23/11/1968 | Zeitlinger | 12.60 | 658.401 COS 1967 | 31/08/2016 | C-3 | Books | |||||
| Dewey Decimal Classification | Non-fiction | Central Library, University of Rajshahi | Central Library, University of Rajshahi | 14/04/1967 | Zeitlinger | 12.60 | 658.401 COS 1967 | 31/08/2016 | C-4 | Books |